000
00280nam a2200109 a 4500
005
20201002053419.0
008
180418s2017 000 spa d
020
_a
9789945124629
245
0
_a
English for secondary school 3 :.
260
_a
Santo Domingo,
_c
2017.
999
_c
46655
_d
46655
040
_a
DO-SdBNP